| 000 | 00437nam a2200157 a 4500 | ||
|---|---|---|---|
| 005 | 20140412111319.0 | ||
| 008 | 000818s19uu xx 00 eng d | ||
| 020 | _a0-525-45802-6 | ||
| 050 |
_aTR(PS E _bOn2 1997 |
||
| 100 | _aStickland, Paul | ||
| 245 |
_aOne bear, one dog / _cPaul Stickland. |
||
| 260 |
_aNew York : _bDutton Children's Books, _c1997. |
||
| 300 | _a1 v. (unp.); ill. | ||
| 650 | _aCounting-Fiction | ||
| 999 |
_c104313 _d104313 |
||